000 00506nam a2200181Ia 4500
005 20250508153320.0
008 008 250505s9999 xx 000 0 eng d
037 _aTextual
040 _aFEDL
_beng
_cFEDL
041 _aeng
_2eng
084 _a607, WAR
_qFEDL
100 _aWare Fabian
_9763683
245 0 _aEducational foundations of trade and industry
260 _aLondon, UK
_bHarper and Brothers
_c1901
300 _axi,300p
942 _cTEXL
_h607, WAR
999 _c1341962
_d1341962